000 00983nam a2200265Ia 4500
003 GCL
008 140319s9999 xx 000 0 ara d
040 _aGCL /
_cGCL
082 0 4 _a301.31
_bب ا
100 1 _aسيد رمضان هدارة (مترجم)
245 1 0 _aانقاذ الكوكب : كيف نبنى نظاما اقتصاديا عالميا متواصلا بيئيا /
_cسيد رمضان هدارة (مترجم)
700 1 _aبراون، ليستر. ر.
700 1 _aفلافين، كريستوفر
700 1 _aبوستيل، ساندرا
300 _a200 ص
490 _aسلسلة ورلد وتش للانذار البيئى
_v0
650 0 4 _aتلوث البيئة
650 0 4 _aحماية البيئة
650 0 4 _aالبيئة والانسان
650 0 4 _aالاقتصاد - نظريات
650 0 4 _aالارض - غلاف
650 0 4 _aالانسان - تاثير الطبيعة على
650 0 4 _aالبيئة - علم
942 _2ddc
_cBK
999 _c47709
_d47709